Sexual harassment in the workplace : a guide to the law /

Bibliographic Details
Main Author: Baxter, Ralph H.
Format: Book
Language:English
Published: New York, NY : Executive Enterprises Publications Co., [1985]
Edition:Rev. ed.
Subjects:

MARC

Tag First Indicator Second Indicator Subfields
LEADER 00000cam a2200000 a 4500
001 in00000009311
005 20151007051523.0
008 850712s1985 nyu b 00010 eng
010 |a  85081035  
020 |a 0880574070 (pbk.) 
035 |a (OCoLC)13139525 
035 |9 AAA3393AM 
040 |a DLC  |c DLC  |d m/c  |d TXA  |d UtOrBLW 
043 |a n-us--- 
049 |a TXAM  |c [A11027517] 
050 0 0 |a KF3467  |b .B39 1985 
082 0 |a 344.73/014133  |a 347.30414133  |2 19 
100 1 |a Baxter, Ralph H. 
245 1 0 |a Sexual harassment in the workplace :  |b a guide to the law /  |c Ralph H. Baxter, Jr. 
250 |a Rev. ed. 
264 1 |a New York, NY :  |b Executive Enterprises Publications Co.,  |c [1985] 
264 4 |c ©1985 
300 |a iii, 82 pages ;  |c 28 cm. 
336 |a text  |b txt  |2 rdacontent 
337 |a unmediated  |b n  |2 rdamedia 
338 |a volume  |b nc  |2 rdacarrier 
504 |a Bibliography: pages 81-82. 
650 0 |a Sexual harassment of women  |x Law and legislation  |z United States. 
999 |a MARS 
999 f f |s a2173f4d-1788-3b15-8bec-36e0fb2680a1  |i e0213816-76a6-3c7d-ae48-026fffbf1b7a  |t 0 
952 f f |p ric  |a Texas A&M University  |b Rellis Campus  |c Joint Library Facility  |d Remote Storage  |t 0  |e KF3467 .B39 1985  |h Library of Congress classification  |i unmediated -- volume  |m A14811027517 
998 f f |a KF3467 .B39 1985  |t 0  |l Remote Storage